000 00287nam a2200109 a 4500
005 20201002044922.0
008 140403s1971 000 spa d
100 _aMoreto, Agustín
_971507
245 3 _aEl lindo don Diego.
260 _aMadrid -- Libra,
_c1971 -- 186 p.
999 _c43173
_d43173
040 _aDO-SdBNP